Famous "Lasts" - Statistics

General Stats
  • This quiz has been taken 66 times
  • The average score is 5 of 15
Answer Stats
Hint Answer % Correct
Last letter of the Greek Alphabet. Omega
71%
Last colour on the Olympic Rings. Red
67%
Last book of the Bible. Book of Revelation
65%
Last state to join USA. Hawaii
60%
Last President to die in office. John F. Kennedy
52%
Last British King to be killed in battle. (Battle of Bosworth, 1485) Richard III
37%
Last word in the song "Bohemian Rhapsody" Blows
33%
Last American man to win Wimbledon Pete Sampras
30%
Last king of France. Louis XVI
24%
Last Airbender's Name. Aang
19%
Last play written by Shakespeare. The Tempest
17%
Last Pokemon in the Original Pokedex. Mew
11%
Last movie released starring Heath Ledger. The Imaginarium of Doctor Parnassus
6%
Last song performed live on "Top of the Pops". Chasing Cars - Snow Patrol
2%
Last game released on Playstation 2. Pro Evolution Soccer 2014
2%
No matching quizzes found
Score Distribution
Percent of People with Each Score
Percentile by Number Answered
Your Score History
You have not taken this quiz